Multinational Management: A Strategic Approach, (Record no. 5361)

MARC details
005 - DATE AND TIME OF LATEST TRANSACTION
control field 20250626133700.0
020 ## - INTERNATIONAL STANDARD BOOK NUMBER
International Standard Book Number 0-538-89034-7
082 ## - DEWEY DECIMAL CLASSIFICATION NUMBER
Classification number 658.049 CUL
100 ## - MAIN ENTRY--PERSONAL NAME
Author name CULLEN, J . B.
245 ## - TITLE STATEMENT
Title Multinational Management: A Strategic Approach,
260 ## - PUBLICATION, DISTRIBUTION, ETC.
Place of publication, distribution, etc. New York,
Name of publisher, distributor, etc. USA,
Date of publication, distribution, etc. 1999.
300 ## - PHYSICAL DESCRIPTION
Extent xvii.;622p,
Other physical details Glossary & Index,
Dimensions 26cm.
942 ## - ADDED ENTRY ELEMENTS (KOHA)
Source of classification or shelving scheme Dewey Decimal Classification
Koha item type Books
Holdings
Date last seen Total checkouts Full call number Barcode Cost, replacement price Price effective from Koha item type Lost status Source of classification or shelving scheme Damaged status Not for loan Withdrawn status Home library Current library Shelving location Date acquired Cost, normal purchase price
06/26/2025   658.049CUL DOM0001401 135000.00 06/26/2025 Books   Dewey Decimal Classification       CBE Dodoma CBE Dodoma General Collection 06/26/2001 45000.00
06/26/2025   658.049CUL DOM0001402 135000.00 06/26/2025 Books   Dewey Decimal Classification       CBE Dodoma CBE Dodoma General Collection 06/26/2001 45000.00
06/26/2025   653.049CUL DOM0001405 135000.00 06/26/2025 Books   Dewey Decimal Classification       CBE Dodoma CBE Dodoma General Collection 06/26/2001 45000.00
06/27/2025   658.049 DOM0001099 135000.00 06/27/2025 Books   Dewey Decimal Classification       CBE Dodoma CBE Dodoma   06/26/2001 45000.00